000 01252nam a2200409 i 4500
001 27019
003 KOSZ 005
005 20240405063042.0
008 010302s1976 pl a |001 0 pol
015 _aPB 1977/671
040 _aWA N
_cWA N
_dKOSZ 005/HR
041 0 _apol
046 _k1976
080 _a94(438)"15/19"
080 _a94(489)"15/19"
100 1 _aCzapliński, Władysław
_d(1905-1981)
_eAutor
245 1 0 _aPolska a Dania XVI-XX w. :
_bstudia /
_cWładysław Czapliński.
260 _aWarszawa :
_bPaństwowe Wydawnictwo Naukowe,
_c1976.
300 _a355, [1] s. :
_bil., portr. ;
_c20 cm.
380 _aKsiążki
388 _a1901-2000
388 _a1945-1989
504 _aIndeks.
600 1 4 _aHanssen, Hans Peter
_d(1862-1936)
648 4 _a1501-1600
648 4 _a1601-1700
648 4 _a1701-1800
648 4 _a1801-1900
648 4 _a1901-2000
651 4 _aDania
651 4 _aPolska
655 4 _aBiografia
658 _aHistoria
710 2 _aPaństwowe Wydawnictwo Naukowe
_4pbl
856 _uhttp://koha.tu.koszalin.pl/cgi-bin/koha/opac-detail.pl?biblionumber=27019
_yKatalog online BPK
942 _2UKD
_cKS
999 _c27019
_d27019